| 000 | 00828cam a22002533a 4500 | ||
|---|---|---|---|
| 001 | 7132 | ||
| 003 | PGUSA | ||
| 005 | 20140828083141.0 | ||
| 008 | 041201s2004||||xxu|||||s|||||000 1 eng d | ||
| 040 |
_aPGUSA _beng |
||
| 042 | _adc | ||
| 050 | 4 | _aPR | |
| 100 | 1 |
_aHudson, W. H. _q(William Henry), _d1841-1922 |
|
| 245 | 1 | 4 |
_aThe Purple Land : _bBeing the Narrative of One Richard Lamb's Adventures in The Banda Orientál, in South America, as Told By Himself _h[electronic resource] / _cW. H. Hudson |
| 260 |
_bProject Gutenberg, _c2004 |
||
| 506 | _aPublic domain in the USA. | ||
| 516 | _aElectronic text | ||
| 653 | _aUruguay -- Fiction | ||
| 653 | _aBritish -- Uruguay -- Fiction | ||
| 653 | _aAdventure stories | ||
| 830 | 0 |
_aProject Gutenberg _v7132 |
|
| 856 | 4 | 0 | _uhttp://www.gutenberg.org/ebooks/7132 |
| 942 | _cEB | ||
| 999 |
_c236452 _d236452 |
||